C : A reference manual

Contents: The C language; Lexical elements; The C preprocessor; Declarations; Conversions and representations; Program structure; Standard language additions...

Đã lưu trong:
Bibliografiske detaljer
Hovedforfatter: Harbison, Samuel P.
Format: Bog
Sprog:Undetermined
Udgivet: Englewood Cliffs, N.J. Prentice-Hall 1987
Fag:
Tags: Tilføj Tag
Ingen Tags, Vær først til at tagge denne postø!
Thư viện lưu trữ: Trung tâm Học liệu Trường Đại học Cần Thơ
LEADER 00758nam a2200205Ia 4500
001 CTU_186781
008 210402s9999 xx 000 0 und d
082 |a 005.133 
082 |b H255 
100 |a Harbison, Samuel P. 
245 0 |a C : 
245 2 |b A reference manual 
245 0 |c Samuel P. Harbison, Guy L. Steele Jr. 
260 |a Englewood Cliffs, N.J. 
260 |b Prentice-Hall 
260 |c 1987 
520 |a Contents: The C language; Lexical elements; The C preprocessor; Declarations; Conversions and representations; Program structure; Standard language additions... 
650 |a C (Computer program language),C (Ngôn ngữ chương trình vi tính) 
904 |i Giang 
980 |a Trung tâm Học liệu Trường Đại học Cần Thơ